| 000 | 01307nam a2200337 i 4500 | ||
|---|---|---|---|
| 001 | 000022899 | ||
| 003 | DO-SdBNP | ||
| 005 | 20260310104225.0 | ||
| 007 | ta | ||
| 008 | 101122s1992 mx r 000 e spa d | ||
| 020 | _a9700504395 | ||
| 040 |
_aDO-SdBNP _bspa _cBNPHU _erda |
||
| 041 | _aspa | ||
| 082 | 4 |
_a972.8209 _bB691c _222 |
|
| 100 | 1 |
_aBolland, O. Nigel, _eautor _4aut. _947066 |
|
| 240 | 1 | 0 |
_aColonialism and resitence in Belize. Essays in historical sociology. _lEspañol. |
| 245 | 1 | 0 |
_aColonialismo y resistencia en Belice : _bensayos de sociología histórica / _cO. Nigel Bolland |
| 264 | 1 |
_aMéxico : _bGrijalbo ; _bDirección General de Publicaciones del Consejo Nacional para la Cultura y las Artes, _c1992. |
|
| 300 |
_a302 páginas ; _c21 cm. |
||
| 336 |
_atexto _btxt _2rdacontent |
||
| 337 |
_asin mediación _bn _2rdamedia |
||
| 338 |
_avolumen _bnc _2rdacarrier |
||
| 490 | 1 | _aClaves de América Latina | |
| 500 | _aIncluye referencias bibliográficas y notas al pie de las páginas. | ||
| 534 |
_pTítulo original en inglés: _tColonialism and resitence in Belize. Essays in historical sociology. |
||
| 650 | 4 |
_aSociología histórica _910967 |
|
| 650 | 4 |
_aNacionalismo _910966 |
|
| 650 | 4 |
_aMercado de trabajo _919058 |
|
| 651 | 4 |
_aBelice _xHistoria _947068 |
|
| 942 |
_2ddc _cLBS1 |
||
| 999 |
_c22396 _d22396 |
||